| 000 | 01921nam0a2200421 4500 | ||
|---|---|---|---|
| 001 | RU\NLR\bibl\242554 | ||
| 005 | 20260406113636.0 | ||
| 010 |
_a5-08-003995-7 _bв пер. _950000 |
||
| 021 |
_aRU _b2001-44897 _92139 |
||
| 035 | _a(NLR Aleph) 000238425 | ||
| 090 |
_a1388993 _c1388993 |
||
| 100 | _a20020305d2001 d y0rusy50 ca | ||
| 101 | 0 | _arus | |
| 102 | _aRU | ||
| 105 | _aac z||||||aa | ||
| 200 | 1 |
_aДетские годы Багрова-внука _eповесть _e[для старшего школьного возраста] _fС.Т. Аксаков _g[вступительная статья, примечания и словарь В. Богданова] _gхудожник А. Иткин |
|
| 210 |
_aМосква _cДетская литература _d2001 |
||
| 215 |
_a347,[2] с. _cил., портр. _d21 |
||
| 225 | 1 | _aШкольная библиотека | |
| 610 | 0 | _aДети в России (д. л.) | |
| 610 | 0 | _aПомещики в России (д. л.) | |
| 610 | 0 | _aДворянство в России (д. л.) | |
| 610 | 0 | _aРоссия, 18 в. (д. л.) | |
| 675 |
_a821.161.1-93Аксаков _v3 _zrus |
||
| 686 |
_a17.82.93 _2rugasnti |
||
| 686 |
_a84(2Рос=Рус)1-44 _2rubbk |
||
| 686 | _aШ9(2)62=Р5-4 | ||
| 700 | 1 |
_4070 _8rus _7ca _aАксаков _bС. Т. _f1791-1859 _gСергей Тимофеевич _3RU\NLR\AUTH\77127 _9110214 |
|
| 702 | 1 |
_4080 _4212 _8rus _7ca _aБогданов _bВ. А. _cканд. филол. наук _f1924-2004 _gВиктор Антонович _3RU\NLR\AUTH\778287 _9118198 |
|
| 702 | 1 |
_4440 _8rus _7ca _aИткин _bА. З. _cхудожник, писатель _f1931- _gАнатолий Зиновьевич _3RU\NLR\AUTH\77103053 _985979 |
|
| 801 | 0 |
_aRU _bRKP _c20020305 _gPSBO |
|
| 801 | 1 |
_aRU _bRKP _c20020305 |
|
| 801 | 2 |
_aRU _bNLR _c20020405 _grcr |
|
| 942 | _cUNSPEC | ||
| 980 | _aNB | ||